Nuevo escenario político (¿...y el económico?)
Salvato in:
| Natura: | testo |
|---|---|
| Soggetti: | |
| Tags: |
Aggiungi Tag
Nessun Tag, puoi essere il primo ad aggiungerne!!
|
MARC
| LEADER | 00000 a a2200000 04500 | ||
|---|---|---|---|
| 001 | 7068 | ||
| 003 | |||
| 040 | |||
| 245 | |a Nuevo escenario político (¿...y el económico?) | ||
| 650 | |a ECONOMIA | ||
| 650 | |a POLITICA | ||
| 650 | |a IDEOLOGIAS POLITICAS | ||
| 650 | |a PODER EJECUTIVO | ||
| 650 | |a PODER LEGISLATIVO | ||
| 650 | |a PODER JUDICIAL | ||
| 650 | |a PARTIDOS POLITICOS | ||
| 650 | |a ESTABILIZACION ECONOMICA | ||
| 650 | |a FMI | ||
| 650 | |a ORGANIZACIONES INTERGUBERNAMENTALES | ||
| 773 | |g volumen 13, número 145; páginas 3-10 | ||
| 999 | |c 39564 |d 39564 | ||
